| 000 | 00344nam a2200121Ia 4500 | ||
|---|---|---|---|
| 008 | 170221s9999 xx 000 0 und d | ||
| 245 | _aLEADERSHIP STYLES IN SMES: AN EXPLORATORY STUDY IN ROMANIA | ||
| 260 | _bManagement & Marketing | ||
| 260 | _cMay 2014 | ||
| 300 | _a3:2 | ||
| 650 | _xMarketing. | ||
| 856 | _uhttp://www.mnmk.ro/en/nrcrt.php | ||
| 999 |
_c310233 _d310233 |
||